| 000 | 00686nam a2200181 a 4500 | ||
|---|---|---|---|
| 001 | BRCA_2905 | ||
| 005 | 20190320204025.0 | ||
| 008 | 111208s1849----mx-a---###---#000-0#spa-# | ||
| 050 | 4 |
_aHJ803 _b.P56 1849 |
|
| 100 | 1 |
_aPiña y Cuevas, Manuel _98085 |
|
| 245 | 1 | 0 |
_aExposición del Exmo. Sr. Ministro de Hacienda al Congreso, dando cuenta del decreto de 6 de octubre ultimo, sobre dotación del fondo municipal de la capital, leida en la camara de diputados el dia 19 de enero de 1849 _cManuel Piña y Cuevas. |
| 260 |
_aMéxico _bVicente Garcia Torres _c1849 |
||
| 300 |
_a46 p. _bil. _c25 cm. |
||
| 500 | _aB38 | ||
| 650 | 1 | 4 |
_aFinanzas públicas _98086 |
| 902 | _aGFM | ||
| 942 |
_2lcc _cB |
||
| 999 |
_c2644 _d2644 |
||